000 01328cam a2200385 a 4500
001 3276034
003 ARRUPE
005 20160323122133.0
008 820119s1980 enk b 001 0 eng
010 _a 81670146
015 _aGB***
020 _a0905762479
020 _a0905762371 (pbk.)
040 _aDLC
_cDLC
_dDLC
041 1 _aengger
043 _af-sx---
050 0 0 _aDT714
_b.D713
082 0 0 _a968.8/02
_219
100 1 _aDrechsler, Horst.
_923323
245 1 0 _aLet us die fighting :
_bthe struggle of the Herero and Nama against German imperialism (1884-1915) /
_cHorst Drechsler ;
260 _aBerlin :
_bAkademie-Verlag,
_c1966.
300 _ax, 277 p. ;
_c22 cm.
500 _aTranslation of: Südwestafrika unter deutscher Kolonialherrschaft.
500 _aSeries on jacket: Africa series.
500 _aIncludes index.
504 _aBibliography: p. 256-275.
650 0 _aHerero (African people)
_zNamibia
_xHistory.
_923324
650 0 _aNama (African people)
_xHistory.
_923325
651 0 _aNamibia
_xHistory
_y1884-1915.
_923326
651 0 _aNamibia
_xHistory
_yHerero Revolt, 1904-1907.
_923327
651 0 _aNamibia
_xHistory
_yNama Revolt, 1904-1908.
_923328
740 0 _aAfrica series (Zed Press)
906 _a7
_bcbc
_corignew
_d3
_encip
_f19
_gy-gencatlg
942 _2lcc
_cMONOGRAPH
999 _c124474
_d124474